01198nam a2200289 a 4500001000400000003001000004005001700014008004100031020001800072040002500090080001900115090002000134100003200154245019500186260003400381300002000415500012600435504002500561650002700586650003500613650003300648650003900681650003900720942001200759952012400771999001300895598BR-CuiBMT20231110130009.0231101s2021 dfb 000 0 por d a9786588299876 aBR-CuiBMTcBR-CuiBMT a35.077.322007 a35.077.3bR484r1 aRibeiro, Márcio de Aguiar0 aResponsabilidade disciplinar de membros do Ministério Público da União :bsindicância, inquérito administrativo e processo administrativo disciplinar /cMárcio de Aguiar Ribeiro. aBrasília : bESMPU,cc2021. a395 p. :c23 cm aRepública Federativa do Brasil Ministério Público da União. Escola Superior do Ministério Público da União. aInclui bibliografia. aDireito administrativo aDireito disciplinarxProcessos aSindicância administrativa aInquérito administrativozBrasil aSanção administrativa zBrasil 2udccLV 00102udc4070aBIBTCEMTbBIBTCEMTd2023-11-10l0o35.077.3 R484rpBIBTCEMT23110410r2023-11-10tEx. 1w2023-11-10yLV c598d598